| 000 | 00904na a2200301 4500 | ||
|---|---|---|---|
| 001 | 24216 | ||
| 003 | MIRAKIL | ||
| 005 | 20181213155332.0 | ||
| 008 | 180702b tu 000 0 | ||
| 020 | _a9789944122269 | ||
| 040 |
_aMilas _btur _cTR-AnCHP |
||
| 041 | _atur | ||
| 082 |
_a909.82 _bH61y 2011 |
||
| 090 | _a909.82 H61y 2011 | ||
| 100 | _aHobsbawm, Eric | ||
| 245 |
_aYeni yüzyılın eşiğinde _cEric Hobsbawm; söyleşi Antonio Polito; çeviren İbrahim Yıldız |
||
| 250 | _a2. bs. | ||
| 260 |
_aİstanbul _bYordam Kitap _c2011 _fPasifik ofset |
||
| 300 |
_a190 s. _c19 sm. |
||
| 440 |
_aYordam Kitap _v35 |
||
| 500 | _aYapıtın özgün adı: Intervista sul nuovo secolo | ||
| 504 | _aDizin var. | ||
| 650 |
_aDünya tarihi _y20. yüzyıl |
||
| 650 |
_aTarih, Modern _y20. yüzyıl |
||
| 700 |
_aYıldız, İbrahim _eçev. |
||
| 700 | _aPolito, Antonio | ||
| 942 |
_2ddc _cBKS |
||
| 999 |
_c10737 _d10737 |
||